MEKON' 10 seznam příspěvků [z mezinárodní konference]

Enregistré dans:
Détails bibliographiques
Collectivité auteur: MEKON' 10. International conference
Format: Livre
Langue:tchèque
slovaque
anglais
Publié: Ostrava Faculty of Economics VŠB - Technical University of Ostrava 2010
Sujets:
Tags: Ajouter un tag
Pas de tags, Soyez le premier à ajouter un tag!

MARC

LEADER 00000nlm$a2200000$$$4500
001 0111704
005 20221207094813.0
020 |a 978-80-248-2165-8 
041 0 |a cze 
041 0 |a slo 
041 0 |a eng 
044 |a CZ 
245 1 0 |a MEKON' 10  |b seznam příspěvků [z mezinárodní konference] 
264 1 |a Ostrava  |b Faculty of Economics VŠB - Technical University of Ostrava  |c 2010 
300 |a CD-ROM 
610 2 0 |a hospodárstvo podnikové 
610 2 0 |a ekonómia 
610 2 0 |a manažment 
610 2 0 |a marketing 
610 2 0 |a obchod 
610 2 0 |a právo 
610 2 0 |a financie 
610 2 0 |a účtovníctvo 
610 2 0 |a správa verejná 
610 2 0 |a inžinierstvo systémové 
610 2 0 |a informatika 
110 2 |a MEKON' 10. International conference